Paměť elektráren Čech a Moravy : Průvodce /

Další autoři: Dvořáková, Eva, 1954 prosinec 30.-
Jazyk: Angličtina
Čeština
Vydáno: Praha : T 93, 1993
Edice: Energie pro zítřek
Témata:
Fyzický popis: 32 s. : fotogr., mp., obr.
Knihy
Uloženo v:
LEADER 00990nam a2200277 a 4500
001 000008242
003 CZ BrMZK
005 20041218162306.0
008 010907s1993 xr f eng d
020 |c 20.00 
040 |a BOA001  |b cze 
041 1 |a eng  |a cze 
080 |a 627.85(437.1)(091)(036)  |2 MRF 
080 |a 621.31(437.1)(091)(036)  |2 MRF 
245 0 0 |a Paměť elektráren Čech a Moravy :  |b Průvodce /  |c Hesla připr. Eva Dvořáková 
260 |a Praha :  |b T 93,  |c 1993 
300 |a 32 s. :  |b fotogr., mp., obr. 
490 1 |a Energie pro zítřek ;  |v Díl 5 
500 |a Náz. a text též angl. 
653 0 |a Morava (Česko)  |a elektrárny  |a Čechy (Česko) 
700 1 |a Dvořáková, Eva,  |d 1954 prosinec 30.-  |7 jn19981000894 
830 0 |a Energie pro zítřek 
910 |a BOA001  |b X2-0996.495 
964 |a Elektrárny - Čechy - Morava - dějiny - průvodci 
990 |a BK 
996 7 |b 2610005683  |c X2-0996.495  |l MZK  |r Sklad / do 24 hodin  |n 6  |p p.v.  |w 000008242  |u 000010  |a 1  |e BOA001  |j MZK50  |s A